| 000 | 00637nam a2200217 i 4500 | ||
|---|---|---|---|
| 001 | 130659 | ||
| 003 | ES-MaACL | ||
| 005 | 20250724074556.0 | ||
| 007 | t| | ||
| 008 | 070803s1929 sp ||||1| spa d | ||
| 080 | _a512 | ||
| 100 | 1 |
_aGarcía y Galdácano, Basilio. _955429 |
|
| 245 | 1 | 0 |
_aElementos de algebra / _cpor Basilio García y Galdácano. |
| 250 | _a2ª ed. | ||
| 260 |
_aMadrid : _b[s.n], _c1929 ( _fImprenta de Juan Pueyo) |
||
| 300 |
_a173 p. ; _c22 cm. |
||
| 500 | _aBiblioteca Jacinto Martínez Lacalle. | ||
| 650 | 7 |
_aÁlgebra _2embne _99720 |
|
| 852 |
_aES-MaACL _jE-11893 _bR.134817 |
||
| 999 |
_c130659 _d130659 |
||